00918nam a22002295a 450000500170000000800410001704000280005808200200008610000240010624501420013025000250027226000590029730000340035650000300039065000350042065100100045565300370046570000200050294200080052299900170053095201410054720151124111240.0150831r20152014ii a fr 000 0 eng d aEG-ScBUEbengcEG-ScBUE04222a670.42bSIN1 aSingh, U. K.93878810aBasic manufacturing processes :bas per the new syllabus of GBTU (common to all branches of engineering) /cU. K. Singh & Manish Dwivedi. a3rd ed., Reprint ed. aNew Delhi :bNew Age International (P) Limited,c2015. axiv, 181 p. :bill. ;c27 cm. aReprinted of the 2014 ed. 2BUEshaManufacturing processes 2BUEsh bENGGENcAugust2015cNovember20151 aDwivedi, Manish 2ddc c20790d20762 00102ddc40708BaccahaMAINbMAINc1STd2015-08-31ePurchaseg104.00h21761l0o670.42 SINp000030910r2025-07-15 00:00:00v130.00yBB